=LDR 00000nam 2200000 4500 =001 000358 =005 20250710025255 =035 ##$$a 0010-0725000215 =007 ta =008 250710################a##########0#ind## =020 ##$$a 978-602-1101-47-6 =082 ##$$a 398.209 599 =084 ##$$a 398.209 599 MAR m =100 #$$a Maryam Yunus =245 1#$$a Mana Pisang Ardi /$c Maryam Yunus =260 ##$$a Sariwangi :$b Yayasan Litara,$c 2020 =300 ##$$a 10 hlm. : $b Ilus. ; $c 21x29,7 cm. =856 ##$$a TBM AS SUHADA =990 ##$$a TBM00740074